[Event "ch-USA 2013"]
[Site "Saint Louis USA"]
[Date "2013.05.11"]
[Round "8"]
[White "Khachiyan, Melikset"]
[Black "Ivanov, Alexander"]
[Result "1/2-1/2"]
[WhiteElo "2518"]
[BlackElo "2529"]
[PlyCount "65"]
[EventDate "2013.05.03"]

1. Nf3 Nf6 2. g3 b5 3. Bg2 Bb7 4. O-O e6 5. d3 d5 6. c4 bxc4 7. dxc4 c6 8. Nc3
Be7 9. Qc2 O-O 10. Rd1 Nbd7 11. Bf4 Nb6 12. cxd5 cxd5 13. e4 Qc8 14. e5 Ne4 15.
Rac1 Nxc3 16. Qxc3 Qxc3 17. Rxc3 Rfc8 18. Rdc1 Rxc3 19. Rxc3 Rc8 20. Rxc8+ Bxc8
21. Be3 Nc4 22. Bd4 a5 23. Bf1 a4 24. Bxc4 dxc4 25. a3 Bb7 26. Nd2 Bd5 27. Kf1
Bd8 28. f3 f5 29. Ke2 Ba5 30. Nf1 Bc6 31. Ne3 Bb5 32. Kf2 g5 33. Ng2 1/2-1/2

[Event "ch-USA 2013"]
[Site "Saint Louis USA"]
[Date "2013.05.12"]
[Round "9"]
[White "Ramirez, Alejandro"]
[Black "Christiansen, Larry M"]
[Result "1-0"]
[WhiteElo "2551"]
[BlackElo "2579"]
[PlyCount "79"]
[EventDate "2013.05.03"]

1. Nf3 c5 2. c4 Nc6 3. Nc3 e5 4. g3 g6 5. Bg2 Bg7 6. a3 Nge7 7. Rb1 O-O 8. O-O
a5 9. Ne1 d6 10. Nc2 a4 11. Ne3 Nd4 12. d3 h6 13. Re1 Qa5 14. Ned5 Nxd5 15.
Bxd5 Kh7 16. Be3 Nb3 17. Ne4 Qb6 18. Nd2 f5 19. Nxb3 axb3 20. Bd2 Bd7 21. e3
Rae8 22. Bc3 Re7 23. a4 Bxa4 24. Ra1 Ra8 25. e4 f4 26. gxf4 exf4 27. Bxg7 Kxg7
28. Qf3 Re5 29. Qxf4 Rf8 30. Qe3 Bc6 31. f4 Rh5 32. Qg3 Bxd5 33. exd5 Rhf5 34.
Re6 R8f6 35. Ra8 Rxe6 36. dxe6 Qc7 37. Re8 d5 38. e7 Kf7 39. Rh8 Kxe7 40. Qxg6
1-0

[Event "ch-USA 2013"]
[Site "Saint Louis USA"]
[Date "2013.05.12"]
[Round "9"]
[White "Gareev, Timur"]
[Black "Holt, Conrad"]
[Result "1-0"]
[WhiteElo "2674"]
[BlackElo "2513"]
[PlyCount "168"]
[EventDate "2013.05.03"]

1. d4 d5 2. c4 c6 3. cxd5 cxd5 4. Nf3 Nf6 5. Nc3 Nc6 6. Bf4 Nh5 7. Bd2 e6 8. e3
Bd6 9. Ne5 g6 10. Nb5 Be7 11. Bd3 O-O 12. O-O a6 13. Nc3 Bd6 14. f4 Bd7 15. Qf3
Be8 16. Qh3 Ng7 17. Rf3 f6 18. Ng4 h5 19. Nf2 f5 20. Bf1 Rc8 21. Rd1 Rf7 22.
Nd3 Rfc7 23. Be1 Be7 24. Rf2 Bf7 25. Ne5 Nxe5 26. dxe5 Be8 27. Rfd2 Bd7 28. Bd3
Qf8 29. Rc2 Ba4 30. b3 Bb5 31. Qf3 Bb4 32. Nxb5 Rxc2 33. Bxb4 Qxb4 34. Nd6 Kh7
35. h3 Rc1 36. Nxc8 Rxc8 37. g4 hxg4 38. hxg4 Qa3 39. Qe2 Kg8 40. Kg2 Rc1 41.
Rd2 Qc5 42. Rc2 Rxc2 43. Bxc2 Kf7 44. Kg3 d4 45. gxf5 gxf5 46. e4 d3 47. Qxd3
Qg1+ 48. Kf3 Qh1+ 49. Ke3 Qg1+ 50. Kd2 Qf2+ 51. Kd1 Qg1+ 52. Kd2 Qf2+ 53. Kc3
Qxf4 54. Qd7+ Kg8 55. Qc8+ Kh7 56. Qxb7 Qxe5+ 57. Kc4 Qb2 58. Bd3 Qc1+ 59. Kd4
Qg1+ 60. Kc3 Qa1+ 61. Kb4 a5+ 62. Kc5 e5 63. Qd5 f4 64. Kd6 Qxa2 65. Bc4 Qa3+
66. Kxe5 Qe7+ 67. Kxf4 Qh4+ 68. Ke3 Qe1+ 69. Kd4 Qg1+ 70. Ke5 Qg3+ 71. Kf6 Qf4+
72. Ke7 Qc7+ 73. Qd7 Qe5+ 74. Kf8 Qb8+ 75. Ke7 Qe5+ 76. Be6 Qxe4 77. Qd5 Qb4+
78. Kf6 Qh4+ 79. Kf7 Qf4+ 80. Ke7 Qb4+ 81. Kd7 Nxe6 82. Kxe6 Kh6 83. Kd7 Kg7
84. Qe5+ Kf7 1-0

[Event "ch-USA 2013"]
[Site "Saint Louis USA"]
[Date "2013.05.12"]
[Round "9"]
[White "Bryant, John Daniel"]
[Black "Norowitz, Yaacov"]
[Result "0-1"]
[WhiteElo "2442"]
[BlackElo "2451"]
[PlyCount "78"]
[EventDate "2013.05.03"]

1. e4 c6 2. d4 d5 3. Nc3 dxe4 4. Nxe4 Nf6 5. Nxf6+ gxf6 6. Nf3 Bg4 7. Be2 e6 8.
O-O Bd6 9. c4 Rg8 10. Kh1 Nd7 11. d5 Qe7 12. dxc6 bxc6 13. Nd4 Bxe2 14. Qxe2
Rc8 15. Qh5 f5 16. Qxh7 Nf6 17. Qh3 Ng4 18. g3 Bc5 19. f3 Bxd4 20. fxg4 Rxg4
21. Qg2 Qb4 22. Bf4 Qxc4 23. Rfd1 e5 24. Rac1 Qe6 25. Re1 f6 26. Be3 Kf7 27.
Bxd4 Rxd4 28. Rf1 Kg6 29. Rc2 Rcd8 30. h4 Rd1 31. Rxd1 Rxd1+ 32. Kh2 Qd5 33.
Rf2 Qxg2+ 34. Kxg2 Rd4 35. Rc2 f4 36. g4 Rd3 37. Kh2 Rg3 38. Rg2 Rxg2+ 39. Kxg2
e4 0-1

[Event "ch-USA 2013"]
[Site "Saint Louis USA"]
[Date "2013.05.12"]
[Round "9"]
[White "Stripunsky, Alexander"]
[Black "Ivanov, Alexander"]
[Result "0-1"]
[WhiteElo "2570"]
[BlackElo "2529"]
[PlyCount "156"]
[EventDate "2013.05.03"]

1. e4 e5 2. Nf3 Nc6 3. Bb5 Nf6 4. d3 Bc5 5. Bxc6 dxc6 6. h3 Nd7 7. Qe2 O-O 8.
Be3 Bxe3 9. fxe3 Qe7 10. Nc3 a5 11. O-O a4 12. a3 Nb6 13. g4 Bd7 14. Rf2 c5 15.
Kh1 c6 16. Rg1 Nc8 17. g5 Nd6 18. Nh4 g6 19. Qf1 b5 20. Qg2 Kg7 21. Rgf1 Rh8
22. Rf6 Rag8 23. Qg3 h6 24. Kg1 hxg5 25. Qxg5 Kf8 26. Ne2 Ke8 27. Ng3 Kd8 28.
d4 cxd4 29. exd4 exd4 30. Nf3 Rxh3 31. Kg2 Rxg3+ 32. Qxg3 Qxf6 33. e5 Qe6 34.
exd6 Re8 35. Qh4+ Kc8 36. Qxd4 f6 37. Re1 Qh3+ 38. Kf2 Rxe1 39. Nxe1 Qf5+ 40.
Ke3 c5 41. Qh4 Qe5+ 42. Kd2 Qxd6+ 43. Kc1 g5 44. Qf2 Kc7 45. Nd3 Kb6 46. Kb1
Bc6 47. Qf5 Bd5 48. Nc1 Qe6 49. Qf2 Be4 50. Qg3 Kb7 51. Qf2 Kc6 52. Qd2 Qc4 53.
Ne2 Qd5 54. Qc1 Qe5 55. Nc3 b4 56. axb4 cxb4 57. Nxe4 Qxe4 58. Qf1 f5 59. Qa6+
Kc7 60. Qa5+ Kd7 61. Qxa4+ Ke7 62. Qa7+ Kf6 63. Qb6+ Kg7 64. Qc7+ Kg6 65. Qd6+
Kh5 66. Qh2+ Kg4 67. Qg1+ Kf4 68. Qf2+ Qf3 69. Qd2+ Kg4 70. Qxb4+ f4 71. Qd4
Qe3 72. Qd7+ Kg3 73. Qd6 Kg2 74. b4 f3 75. Qd5 Kg1 76. Qd1+ Kh2 77. b5 f2 78.
Ka2 Qf4 0-1

[Event "ch-USA 2013"]
[Site "Saint Louis USA"]
[Date "2013.05.12"]
[Round "9"]
[White "Khachiyan, Melikset"]
[Black "Arnold, Marc T"]
[Result "1/2-1/2"]
[WhiteElo "2518"]
[BlackElo "2538"]
[PlyCount "36"]
[EventDate "2013.05.03"]

1. Nf3 d5 2. d4 Nf6 3. g3 c6 4. Bg2 Bf5 5. O-O Nbd7 6. c4 e6 7. Qb3 Qc8 8. Nc3
dxc4 9. Qxc4 b5 10. Qb3 b4 11. Na4 Be4 12. Bd2 Bd5 13. Qc2 Qa6 14. Rfe1 Be4 15.
Qb3 Bd5 16. Qc2 Be4 17. Qb3 Bd5 18. Qc2 Be4 1/2-1/2